| 000 | 01111nam a22003135a 4500 | ||
|---|---|---|---|
| 008 | 150824t2008 xxua frb 001 0 eng d | ||
| 010 | _a 2007002125 | ||
| 020 | _a9780071101424 (alk. paper) | ||
| 020 | _a007110142X | ||
| 035 | _a(OCoLC)ocm79256820 | ||
| 035 | _a(OCoLC)79256820 | ||
| 040 |
_aEG-ScBUE _beng _cEG-ScBUE |
||
| 082 | 0 | 4 |
_a331 _bBOR _222 |
| 100 | 1 |
_aBorjas, George J. _927502 |
|
| 245 | 1 | 0 |
_aLabor economics / _cGeorge J. Borjas. |
| 250 | _a4th ed., International Edition. | ||
| 260 |
_aBoston : _bMcGraw-Hill/Irwin, _cc.2008. |
||
| 300 |
_axvi, 544 p. : _bill. ; _c24 cm. |
||
| 500 | _aIncludes indexes. | ||
| 504 | _aIncludes bibliographical references. | ||
| 590 | _aMenna elemam | ||
| 650 | 0 |
_aLabor economics. _2BUEsh |
|
| 650 | 0 |
_aLabor market _zUnited States. _2BUEsh _927504 |
|
| 651 | _2BUEsh | ||
| 653 |
_bBUSECO _cAugust2015 |
||
| 856 | 4 | 2 |
_3Publisher description _uhttp://www.loc.gov/catdir/enhancements/fy0708/2007002125-d.html |
| 856 | 4 | 2 |
_3Table of contents only _uhttp://www.loc.gov/catdir/enhancements/fy0714/2007002125-t.html |
| 942 |
_cTB _k331 BOR _2ddc |
||
| 999 |
_c8906 _d8906 |
||